Представление документа в формате RUSMARC

ПолеНазваниеЗначение
  Тип записи a
  Библиографический уровень m
001 Контрольный номер RU/УОНБ/EK_N/635359291
005 Дата корректировки 20240130235135.7
013 Номер (ISMN) __
d Цена 97 р.
100 Данные общей обработки __
a Данные общей обработки 20200218d2005 u y0rusy0189||||ca
101 Язык документа 0_
a Язык текста rus
f Язык титульного листа rus
102 Страна публикации __
a Страна публикации RU
105 Кодированные данные (монография) __
a Кодированные данные (монография) y###||||000|y
125 Кодированные данные звукозаписи и нотных изданий __
a Форма изложения нотного текста с|
128 Кодированные данные (звукозаписи-физические характеристики) __
a Кодированные данные: Музыкальная форма и тональность или лад zz
c Инструменты или голоса, рекомендуемые для солистов (устаревшее) ka||
c Инструменты или голоса, рекомендуемые для солистов (устаревшее) sa||
c Инструменты или голоса, рекомендуемые для солистов (устаревшее) vu||
200 Заглавие и сведения об ответственности 1_
a Заглавие № 2
b Общее обозначение материала Ноты
e Сведения, относящиеся к заглавию произведения для фп., скрипки, голоса
210 Выходные данные 1_
d Дата издания 2005
215 Физическое описание __
a Объем 72 с., 1 парт. (2 с.)
327 Примечание о содержании 11
a Примечание о содержании Содерж. : Произведения для фортепиано : Рахманинов С. Музыкальные моменты : Oр. 16 : e-moll ; Des-dur ; C-dur. - Шопен Ф. Мазурки : Oр. 6 № 1 ; Oр. 6 № 2 ; Oр. 7 № 5. - Произведения для скрипки и фортепиано : Бах И. С. Концерт № 1 a-moll ; Кабалевский Д. Веселое путешествие ; Медленный вальс. - Произведения для голоса и фортепиано : Конюс Г. Что в имени тебе моем / сл. А. Пушкина ; Все спит кругом / сл. А. Апухтина ; Три песни / сл. А. Толстого. - Тинякова В. Звезды закрыли ресницы / сл. В. Брюсова.
461 Уровень набора _0
1 001RU/УОНБ/EK_N/635345671
1 200
a Нотный альбом
b Ноты
v № 2
1 210
a М.
c Научтехлитиздат
d 2005 -
464 Аналитический уровень _0
1 700 1
a Рахманинов
b С.
1 2001
a Музыкальные моменты
e Oр. 16
e e-moll
e для фп.
464 Аналитический уровень _0
1 2001
a Мазурки
e Oр. 6 № 1
e для фп.
1 700 1
a Шопен
b Ф.
464 Аналитический уровень _0
1 2001
a Концерт № 1
e a-moll
e для скрипки и фп.
1 700 1
a Бах
b И. С.
464 Аналитический уровень _0
1 2001
a Что в имени тебе моём?
e Что в имени тебе моём?..
e Op. 5 № 3
1 700 1
a Конюс
b Г.
1 702 1
a Пушкин
b А.
4 520
464 Аналитический уровень _0
1 2001
a Звезды закрыли ресницы
e Звезды закрыли ресницы...
1 700 1
a Тинякова
b В.
1 702 1
a Брюсов
b В.
4 520
464 Аналитический уровень _0
1 2001
a Весёлое путешествие
e для скрипки и фп.
1 700 1
a Кабалевский
b Д.
1 702 1
a Лившиц
b Ю.
4 030
464 Аналитический уровень _0
1 2001
a Все спит кругом
e Все спит кругом...
e Op. 14 № 1
1 700 1
a Конюс
b Г.
1 702 1
a Апухтин
b А.
4 520
464 Аналитический уровень _0
1 2001
a Средь суеты мирского развлеченья...
e Средь суеты мирского развлеченья...
e Op. 32
1 700 1
a Конюс
b Г.
1 702 1
a Толстой
b А.
4 520
464 Аналитический уровень _0
1 2001
a Музыкальные моменты
e Oр. 16
e Des-dur
e для фп.
1 700 1
a Рахманинов
b С.
464 Аналитический уровень _0
1 2001
a Музыкальные моменты
e Oр. 16
e C-dur
e для фп.
1 700 1
a Рахманинов
b С.
464 Аналитический уровень _0
1 2001
a Мазурки
e Oр. 6 № 2
e для фп.
1 700 1
a Шопен
b Ф.
464 Аналитический уровень _0
1 2001
a Мазурки
e Oр. 7 № 5
e для фп.
1 700 1
a Шопен
b Ф.
464 Аналитический уровень _0
1 2001
a Медленный вальс
e для скрипки и фп.
1 700 1
a Кабалевский
b Д.
1 702 1
a Лившиц
b Ю.
4 030
464 Аналитический уровень _0
1 2001
a Грядой клубится белою...
e Грядой клубится белою...
e Op. 32
1 700 1
a Конюс
b Г.
1 702 1
a Толстой
b А.
4 520
464 Аналитический уровень _0
1 2001
a Колокольчики мои...
e Колокольчики мои, цветики степные...
e Op. 32
1 700 1
a Конюс
b Г.
1 702 1
a Толстой
b А.
4 520
512 Заглавие обложки 1_
a Заглавие обложки Нотный альбом
606 Тематические рубрики 0_
a Основная рубрика Фортепиано
x Основная подрубрика Произведения
606 Тематические рубрики 0_
a Основная рубрика Скрипка
x Основная подрубрика Произведения
606 Тематические рубрики 0_
a Основная рубрика Вокальные произведения
610 Ключевые слова 0_
a Ключевые слова фортепиано
610 Ключевые слова 0_
a Ключевые слова скрипка
610 Ключевые слова 0_
a Ключевые слова вокальные произведения
686 Индексы других классификаций __
a Классификационный индекс 85.9я43
2 Код системы rubbk
801 Источник записи _0
a Страна RU
b Организация Ульяновская ОНБ
c Дата составления 20200218
g Правила каталогизации RCR
801 Источник записи _1
a Страна RU
b Организация Ульяновская ОНБ
c Дата составления 20200218
g Правила каталогизации RCR
901 Тип документа __
t Тип документа n
w Контрольный № источника RU/УОНБ/EK_N/635345671
909 Создатель записи __
a Создатель записи Грязнова И. Е.
938 Служебная информация __
a Имя БД noti
b Имя библиотеки УОНБ
c Имя АИБС МАРК-SQL
d Номер DOC_ID в БД 22002